000 00887nam a22003137a 4500
001 BR0104032
003 BR-BrBNA
005 20230928100938.0
007 ta
008 230509b bl.||||| |||| 00| 0 por d
040 _aBR-BrBNA
_bpor
_cBiblioteca Nacional de Agricultura
041 _a(Por)
072 _aE11; E50
090 _ E11 BR0104032
100 1 _aRua, M. das G.
100 1 _aAbramovay, M.
245 1 _aCompanheiras de luta ou coordenadoras de panelas? As relacoes de genero nos assentamentos rurais
260 3 _aBrasilia, DF (Brasil):
_c2000.
300 _a347 p.
500 _aBibliography p. 331-346; 19 illus.; 78 tables
650 _aMulher Rural
650 _aAssentamento
650 _aEstrutura Agraria
650 _aDados Estatisticos
650 _aSociologia Rural
650 _aSaude
909 _a202309
_bLucia
_c55
_dLucia Elande
942 _cBK
999 _c63521
_d63521